| 000 | 00387nam a2200157Ia 4500 | ||
|---|---|---|---|
| 005 | 20240730072909.0 | ||
| 008 | 240331s9999 xx 000 0 und d | ||
| 082 |
_a294.3 _bARN |
||
| 100 | _aArnold, E | ||
| 245 | 4 |
_aThe Light of Asia _cSir Edwin Arnold |
|
| 260 |
_aKandy _bBuddhist Publication Society _c1980 |
||
| 300 | _a61 p ., | ||
| 650 | _aBuddhism | ||
| 650 | _aHistory | ||
| 942 | _cL | ||
| 999 |
_c915 _d915 |
||